000 00770cab a2200193 4500
001 ABS41393
008 090401t1989 xxu||||| |||| 00| 0 eng d
035 _a(Sirsi) u29869
041 _aeng
100 _aHolliday, J.
245 _aGreen planning - the battle for the countryside
260 _c1989
350 _a0
490 _aTown & Country Planning
_v58(7/8) July/August 1989, 194-195(2)
520 _aQuestions the British attitude to the need for careful, environment -friendly planning of the countryside and our ability to respond to conservation proposals in the recent TCPA paper with regard to planning gain , pollution and the finite resources of the countryside.
690 _aCONSERVATION AND THE ENVIRONMENT
942 _n0
948 _c04/03/1997
999 _c20096
_d20096